000 00489nam a2200193 a 4500
001 1756898384999
003 ACL
005 20250903170526.0
008 250903s1999##################000#0#eng##
020 _a9780521485814
082 0 4 _a780.92
_bMUS
100 1 _aMusgrave, Michael,
_eauthor.
245 1 0 _aThe Cambridge Companion to Brahms :
260 _bCambridge University Press,
_c1999.
300 _a352 pages
650 0 _aMusic.
942 _cENGLISH
040 _aACL
_beng
_cACL
999 _c585267
_d585267